00505nam a2200169Ia 4500008004100000040001900041041001200060082002000072245007800092260003900170300002500209440002400234504001900258650002000277700002400297850001400321131103s9999 xx 000 0 und d aLoreto College aEnglish aREFbLCBED/7181 aNature studyb the realm of animals and plants cedited by Maurice Burton aLondonbThe Grolier Societyc[19?] a252p.b pic.c 25cm. aOur World in Colour aIncludes index aGeneral science aBurton, Maurice;ed. aLCBED/REF